[Event "AUT-chT2M 2324"]
[Site "Austria"]
[Date "2023.11.03"]
[Round "1.1"]
[White "Plenca, Jadranko"]
[Black "Leisch, Lukas"]
[Result "1/2-1/2"]
[WhiteElo "2433"]
[BlackElo "2376"]
[PlyCount "61"]
[EventDate "2023.11.03"]
[EventType "team-tourn"]
[EventRounds "11"]
[EventCountry "AUT"]
[SourceTitle "CB46_2023"]
[SourceDate "2023.11.15"]
[SourceVersion "1"]
[SourceVersionDate "2023.11.15"]
[SourceQuality "1"]
[WhiteTeam "St Veit/Glan"]
[BlackTeam "Freistadt/Wartberg"]
[WhiteTeamCountry "AUT"]
[BlackTeamCountry "AUT"]

1. e4 e6 2. d4 d5 3. Nc3 Bb4 4. exd5 exd5 5. Bd3 Nf6 6. a3 Ba5 7. Bg5 h6 8. Bxf6 Bxc3+ 9. bxc3 Qxf6 10. Qf3 Qxf3 11. Nxf3 Ke7 12. Kd2 Kd6 13. c4 c6 14. Rhe1 Be6 15. Ne5 Nd7 16. f4 dxc4 17. Nxc4+ Bxc4 18. Bxc4 Nb6 19. Bxf7 Raf8 20. Bb3 Rxf4 21. Re6+ Kd7 22. Rg6 Rxd4+ 23. Kc3 c5 24. Re1 Rd8 25. Rxg7+ Kc6 26. Re6+ R8d6 27. Rxd6+ Rxd6 28. g4 Rf6 29. Rf7 Rg6 30. h3 h5 31. Rf4 1/2-1/2

[Event "Feffernitz op 32nd"]
[Site "Feffernitz"]
[Date "2023.08.07"]
[Round "4"]
[White "Leisch, Lukas"]
[Black "Rechberger, Franz"]
[Result "1-0"]
[WhiteElo "2365"]
[BlackElo "2080"]
[PlyCount "95"]
[EventDate "2023.08.05"]
[EventType "swiss"]
[EventRounds "9"]
[EventCountry "AUT"]
[SourceTitle "CBM 215 Extra"]
[Source "ChessBase"]
[SourceDate "2023.09.30"]
[SourceVersion "1"]
[SourceVersionDate "2023.09.30"]
[SourceQuality "1"]

1. d4 d5 2. Bf4 Nf6 3. e3 e6 4. Nd2 c5 5. c3 Nc6 6. Ngf3 Bd6 7. Bg3 0-0 8. Bd3 c4 9. Bc2 b5 10. Ne5 Bb7 11. f4 Ne7 12. Qf3 Nf5 13. Bf2 Be7 14. Ng4 Nxg4 15. Qxg4 b4 16. Bxf5 exf5 17. Qxf5 Bc8 18. Qc2 g6 19. 0-0 Bf5 20. e4 dxe4 21. Be3 Qd5 22. cxb4 Rac8 23. Rac1 Bxb4 24. Nxc4 Be6 25. b3 Ba3 26. Rcd1 Qc6 27. Qc3 Qb5 28. Qc2 Bxc4 29. bxc4 Qxc4 30. Qxe4 Rfe8 31. Qd3 Bd6 32. Qxc4 Rxc4 33. Rd3 Ra4 34. Rf2 Rb8 35. Rc2 Rb1+ 36. Kf2 Ra1 37. Rdd2 Bb4 38. Re2 Rd1 39. f5 Kg7 40. Bf4 Ra6 41. Be5+ Kh6 42. f6 g5 43. g4 Kg6 44. Rc8 Bd6 45. Rg8+ Kh6 46. h4 gxh4 47. Bxd6 Rxd6 48. Re5 1-0

[Event "Feffernitz op 32nd"]
[Site "Feffernitz"]
[Date "2023.08.06"]
[Round "3"]
[White "Kesik, Klaus Dieter"]
[Black "Leisch, Lukas"]
[Result "1/2-1/2"]
[WhiteElo "2176"]
[BlackElo "2365"]
[PlyCount "66"]
[EventDate "2023.08.05"]
[EventType "swiss"]
[EventRounds "9"]
[EventCountry "AUT"]
[SourceTitle "CBM 215 Extra"]
[Source "ChessBase"]
[SourceDate "2023.09.30"]
[SourceVersion "1"]
[SourceVersionDate "2023.09.30"]
[SourceQuality "1"]

1. d4 d5 2. c4 c6 3. Nc3 Nf6 4. cxd5 cxd5 5. Nf3 Nc6 6. Bf4 a6 7. a3 Bf5 8. e3 e6 9. Bd3 Bxd3 10. Qxd3 Be7 11. 0-0 Nh5 12. Be5 f6 13. Bg3 Nxg3 14. hxg3 f5 15. b4 0-0 16. Rfc1 Bd6 17. Na4 Qe7 18. Nc5 Rfc8 19. Qb3 Nd8 20. Rc3 Rc7 21. Rac1 Rac8 22. Nd3 Nf7 23. Rxc7 Rxc7 24. Rc3 b6 25. Qc2 Rxc3 26. Qxc3 Qd7 27. Nfe5 Bxe5 28. Nxe5 Nxe5 29. dxe5 Kf7 30. a4 Qb7 31. a5 h6 32. Qd4 bxa5 33. bxa5 Qc8 1/2-1/2

[Event "AUT-ch Blitz"]
[Site "Graz"]
[Date "2023.06.09"]
[Round "7"]
[White "Leisch, Lukas"]
[Black "Baidetsky, Valentin"]
[Result "0-1"]
[WhiteElo "2365"]
[BlackElo "2492"]
[PlyCount "92"]
[EventDate "2023.06.09"]
[EventType "swiss (blitz)"]
[EventRounds "11"]
[EventCountry "AUT"]
[SourceTitle "CBM 214 Extra"]
[Source "ChessBase"]
[SourceDate "2023.07.31"]
[SourceVersion "1"]
[SourceVersionDate "2023.07.31"]
[SourceQuality "1"]

1. d4 Nf6 2. c4 g6 3. g3 Bg7 4. Bg2 0-0 5. Nc3 d6 6. Nf3 Nbd7 7. 0-0 e5 8. e4 exd4 9. Nxd4 Nc5 10. h3 Re8 11. Re1 h6 12. Rb1 Bd7 13. b4 Ne6 14. Be3 Ng5 15. Bxg5 hxg5 16. Qd2 g4 17. hxg4 Nxg4 18. Nd5 c6 19. Ne3 Qg5 20. Rbd1 Qh5 21. Nxg4 Bxg4 22. f3 Bxd4+ 23. Qxd4 Bxf3 24. Bxf3 Qxf3 25. Rd3 Qg4 26. Qxd6 Rxe4 27. Rxe4 Qxe4 28. Qd4 Qe1+ 29. Kg2 Re8 30. Rd2 a6 31. Rf2 Qe6 32. Qf4 Qe4+ 33. Qxe4 Rxe4 34. Rc2 f5 35. Kf3 Kf7 36. a3 Ke6 37. Rc3 Ke5 38. c5 g5 39. Rc1 g4+ 40. Kf2 f4 41. gxf4+ Kxf4 42. Rd1 g3+ 43. Kg2 Re2+ 44. Kf1 Re7 45. Rd4+ Kf3 46. Rd6 g2+ 0-1

[Event "Basel Easter op"]
[Site "Basel"]
[Date "2023.04.07"]
[Round "3"]
[White "Leisch, Lukas"]
[Black "Gemelli, Romain"]
[Result "1-0"]
[WhiteElo "2383"]
[BlackElo "2187"]
[PlyCount "111"]
[EventDate "2023.04.06"]
[EventType "swiss"]
[EventRounds "9"]
[EventCountry "SUI"]
[SourceTitle "CBM 213 Extra"]
[Source "ChessBase"]
[SourceDate "2023.05.31"]
[SourceVersion "1"]
[SourceVersionDate "2023.05.31"]
[SourceQuality "1"]

1. c4 Nf6 2. g3 g6 3. Bg2 Bg7 4. Nc3 0-0 5. d4 d6 6. Nf3 Nc6 7. 0-0 a6 8. b3 Rb8 9. d5 Na5 10. Bg5 c5 11. dxc6 Nxc6 12. Rc1 Bf5 13. Nd5 Ne4 14. Be3 Nf6 15. Nd4 Nxd5 16. cxd5 Nxd4 17. Bxd4 Bxd4 18. Qxd4 Rc8 19. Qe3 Qd7 20. Qg5 Rxc1 21. Rxc1 Rc8 22. e4 Rxc1+ 23. Qxc1 Qc8 24. Qe3 Bh3 25. Bxh3 Qxh3 26. Qc3 Qd7 27. Kg2 h5 28. h3 e6 29. dxe6 Qxe6 30. Qd3 Qe5 31. a4 Kf8 32. b4 Kg7 33. a5 Qe6 34. Qd4+ Qe5 35. Qd3 Qe6 36. f4 Qf6 37. Kf3 h4 38. gxh4 Qxh4 39. Qxd6 Qxh3+ 40. Kf2 Qc3 41. e5 Qb3 42. Qd4 Kg8 43. Qe4 Qb2+ 44. Kg3 Qc3+ 45. Kh4 Qc7 46. Qd4 Qe7+ 47. Kg3 Qe6 48. Qe4 Qd7 49. Qc4 Kg7 50. Kf3 Qe7 51. Qe4 Qd7 52. Ke3 Qb5 53. Qd4 Qc6 54. e6+ Kf8 55. Qd8+ Qe8 56. e7+ 1-0

[Event "Basel Easter op"]
[Site "Basel"]
[Date "2023.04.06"]
[Round "1"]
[White "Leisch, Lukas"]
[Black "Shundi, Matias"]
[Result "1-0"]
[WhiteElo "2383"]
[BlackElo "2145"]
[PlyCount "78"]
[EventDate "2023.04.06"]
[EventType "swiss"]
[EventRounds "9"]
[EventCountry "SUI"]
[SourceTitle "CBM 213 Extra"]
[Source "ChessBase"]
[SourceDate "2023.05.31"]
[SourceVersion "1"]
[SourceVersionDate "2023.05.31"]
[SourceQuality "1"]

1. c4 g6 2. g3 c5 3. Bg2 Bg7 4. Nc3 Nc6 5. Nf3 e6 6. d4 cxd4 7. Nb5 d5 8. cxd5 exd5 9. Nfxd4 Nf6 10. 0-0 0-0 11. h3 a6 12. Nxc6 bxc6 13. Nc3 Rb8 14. Na4 Ne4 15. Be3 Re8 16. Bd4 Bxd4 17. Qxd4 c5 18. Nxc5 Nxc5 19. Qxc5 Rxb2 20. e3 Qf6 21. Rad1 Be6 22. Qa3 Rc8 23. Rd4 Rcc2 24. Rf4 Qe5 25. Qxa6 g5 26. Rf3 Rxa2 27. Qb6 h5 28. Qb7 Kg7 29. Qe7 Kg6 30. Rxf7 Ra7 31. Qxa7 Bxf7 32. Qa6+ Kg7 33. Qd3 Ra2 34. Rd1 Ra1 35. Rxa1 Qxa1+ 36. Kh2 Qe5 37. Qd4 Kf6 38. Kg1 h4 39. g4 Ke6 1-0

[Event "AUT-chT 2223"]
[Site "Austria"]
[Date "2023.03.24"]
[Round "6.6"]
[White "Leisch, Lukas"]
[Black "Krassowizkij, Jaroslaw"]
[Result "1-0"]
[WhiteElo "2395"]
[BlackElo "2436"]
[PlyCount "72"]
[EventDate "2022.11.03"]
[EventType "team-tourn"]
[EventRounds "11"]
[EventCountry "AUT"]
[SourceTitle "CBM 213 Extra"]
[Source "ChessBase"]
[SourceDate "2023.05.31"]
[SourceVersion "1"]
[SourceVersionDate "2023.05.31"]
[SourceQuality "1"]
[WhiteTeam "Grieskirchen"]
[BlackTeam "Goetzis"]
[WhiteTeamCountry "AUT"]
[BlackTeamCountry "AUT"]

1. c4 e6 2. g3 d5 3. Bg2 Nf6 4. Nf3 d4 5. 0-0 c5 6. e3 Nc6 7. exd4 cxd4 8. d3 Bd6 9. Na3 0-0 10. Nc2 e5 11. b4 Re8 12. b5 Nb8 13. Bg5 Nbd7 14. Nd2 Nc5 15. Ne4 Ncxe4 16. Bxe4 h6 17. Bxf6 Qxf6 18. Qh5 Rb8 19. Rab1 Qg5 20. Qxg5 hxg5 21. Rfe1 Kf8 22. Nb4 a5 23. bxa6 bxa6 24. Nc6 Rxb1 25. Rxb1 f5 26. Bd5 g4 27. Kf1 g6 28. Na7 Bd7 29. Rb7 Re7 30. Rb6 Be8 31. Rxa6 Bb4 32. a3 Bc5 33. Nc6 Rb7 34. Nxe5 Rb1+ 35. Kg2 Rb3 36. Bc6 Bf7 1-0

[Event "AUT-chT 2223"]
[Site "Austria"]
[Date "2023.03.23"]
[Round "5.1"]
[White "Leisch, Lukas"]
[Black "Janzelj, Tim"]
[Result "1/2-1/2"]
[WhiteElo "2395"]
[BlackElo "2456"]
[PlyCount "81"]
[EventDate "2022.11.03"]
[EventType "team-tourn"]
[EventRounds "11"]
[EventCountry "AUT"]
[SourceTitle "CBM 213 Extra"]
[Source "ChessBase"]
[SourceDate "2023.05.31"]
[SourceVersion "1"]
[SourceVersionDate "2023.05.31"]
[SourceQuality "1"]
[WhiteTeam "Grieskirchen"]
[BlackTeam "Raika Feffernitz"]
[WhiteTeamCountry "AUT"]
[BlackTeamCountry "AUT"]

1. c4 e6 2. g3 d5 3. Bg2 Nf6 4. Nf3 dxc4 5. Qa4+ Bd7 6. Qxc4 c5 7. Ne5 Qc8 8. Qd3 Nc6 9. Nxd7 Nxd7 10. Nc3 Be7 11. 0-0 0-0 12. b3 Rd8 13. Bb2 Nf6 14. Qc2 Qd7 15. Rfd1 Nb4 16. Qc1 Rac8 17. d3 Ne8 18. Ne4 h6 19. a3 Nd5 20. Qc2 Nd6 21. e3 Qe8 22. Qe2 Qb5 23. Nxd6 Rxd6 24. Be5 Rdd8 25. Qg4 Bf6 26. Bxf6 Nxf6 27. Qc4 Qd7 28. Qc3 Nd5 29. Qb2 b5 30. Rac1 b4 31. Bxd5 Qxd5 32. Rc4 Qf5 33. axb4 cxb4 34. Rxb4 Rxd3 35. Rxd3 Qxd3 36. Rd4 Qf5 37. Rf4 Qa5 38. Rg4 Qc3 39. Qxc3 Rxc3 40. Rb4 g5 41. Rb7 1/2-1/2

[Event "BL2-Ost 2223"]
[Site "Germany"]
[Date "2023.03.19"]
[Round "10.3"]
[White "Hoeglauer, Patrick"]
[Black "Leisch, Lukas"]
[Result "1/2-1/2"]
[WhiteElo "2263"]
[BlackElo "2395"]
[PlyCount "44"]
[EventDate "2022.10.22"]
[EventType "team-tourn"]
[EventRounds "10"]
[EventCountry "GER"]
[SourceTitle "EXT 2024"]
[Source "ChessBase"]
[SourceDate "2023.10.10"]
[SourceVersion "1"]
[SourceVersionDate "2023.10.10"]
[SourceQuality "1"]
[WhiteTeam "Bayern Muenchen II"]
[BlackTeam "Passau"]
[WhiteTeamCountry "GER"]
[BlackTeamCountry "GER"]

1. d4 d5 2. c4 c6 3. Nf3 Nf6 4. e3 Bf5 5. Nc3 e6 6. Nh4 Bg6 7. Be2 Nbd7 8. 0-0 Be7 9. Nxg6 hxg6 10. g3 dxc4 11. Bxc4 Qa5 12. Qf3 g5 13. Be2 g4 14. Qg2 Qh5 15. f4 gxf3 16. Bxf3 Ng4 17. h3 Qxh3 18. Qxh3 Rxh3 19. Kg2 Rh2+ 20. Kg1 Rh3 21. Kg2 Rh2+ 22. Kg1 Rh3 1/2-1/2

[Event "EU-ch 23rd"]
[Site "Vrnjacka Banja"]
[Date "2023.03.11"]
[Round "9"]
[White "Bouska, Jiri"]
[Black "Leisch, Lukas"]
[Result "1/2-1/2"]
[WhiteElo "2257"]
[BlackElo "2378"]
[PlyCount "66"]
[EventDate "2023.03.03"]
[EventType "swiss"]
[EventRounds "11"]
[EventCountry "SRB"]
[SourceTitle "CBM 213"]
[Source "ChessBase"]
[SourceDate "2023.04.30"]
[SourceVersion "1"]
[SourceVersionDate "2023.04.30"]
[SourceQuality "1"]

1. e4 c5 2. Nf3 d6 3. d4 cxd4 4. Nxd4 Nf6 5. Nc3 e6 6. Bc4 Be7 7. Be3 a6 8. Bb3 Nc6 9. Qe2 Qc7 10. 0-0-0 b5 11. Nxc6 Qxc6 12. Bd4 Bd7 13. Bxf6 gxf6 14. Rhe1 Rc8 15. f4 a5 16. a4 bxa4 17. Bxa4 Qc4 18. Qxc4 Rxc4 19. Bb5 Rb4 20. Bxd7+ Kxd7 21. b3 Rg8 22. Re2 f5 23. exf5 Rxf4 24. fxe6+ fxe6 25. Na4 Bg5 26. Kb1 Ke7 27. Nb6 Rf5 28. Rde1 Rg6 29. Nc8+ Kd7 30. Nb6+ Ke7 31. Nc8+ Kd7 32. Nb6+ Ke7 33. Nc8+ Kd7 1/2-1/2

[Event "EU-ch 23rd"]
[Site "Vrnjacka Banja"]
[Date "2023.03.08"]
[Round "6"]
[White "Leisch, Lukas"]
[Black "Kovacevic, Aleksandar"]
[Result "1/2-1/2"]
[WhiteElo "2378"]
[BlackElo "2489"]
[PlyCount "189"]
[EventDate "2023.03.03"]
[EventType "swiss"]
[EventRounds "11"]
[EventCountry "SRB"]
[SourceTitle "CBM 213"]
[Source "ChessBase"]
[SourceDate "2023.04.30"]
[SourceVersion "1"]
[SourceVersionDate "2023.04.30"]
[SourceQuality "1"]

1. c4 e5 2. g3 Nf6 3. Bg2 c6 4. Nf3 e4 5. Nd4 d5 6. d3 Bb4+ 7. Nc3 0-0 8. 0-0 Re8 9. cxd5 Bxc3 10. bxc3 Nxd5 11. Qc2 exd3 12. Qxd3 Nd7 13. e4 Ne5 14. Qc2 Nb4 15. cxb4 Qxd4 16. Rb1 Bg4 17. h3 Bf3 18. Bb2 Qd7 19. Bxe5 Bxg2 20. Kxg2 Rxe5 21. f4 Re7 22. Rfd1 Qe8 23. Rd4 a5 24. a3 axb4 25. axb4 h6 26. Rbd1 f6 27. Qc4+ Kh8 28. R1d2 Kh7 29. Qc5 Kh8 30. Qc4 Rc8 31. g4 b6 32. Kf3 Ra8 33. Rd6 Rc8 34. R2d4 c5 35. bxc5 bxc5 36. R4d5 Rb7 37. e5 Rb4 38. Qd3 fxe5 39. Rxe5 Qf8 40. Rf5 Qe7 41. Rxc5 Rcb8 42. Rcd5 Rf8 43. Rd4 Rbb8 44. Qe3 Qh4 45. Kg2 Rfe8 46. Qf2 Qxf2+ 47. Kxf2 Rb2+ 48. Rd2 Rxd2+ 49. Rxd2 Re7 50. Re2 Rf7 51. Kg3 Ra7 52. Re3 Kg8 53. h4 Kf7 54. h5 Ra5 55. Kf3 Ra7 56. Re5 Ra4 57. Rd5 Kf6 58. Ke3 Ra3+ 59. Rd3 Ra1 60. Rd6+ Ke7 61. Rd2 Rg1 62. Kf3 Kf7 63. Rg2 Ra1 64. Rd2 Rg1 65. Rg2 Ra1 66. g5 hxg5 67. fxg5 Ra3+ 68. Kg4 Ra4+ 69. Kg3 Ra3+ 70. Kh4 Kg8 71. Rf2 Ra4+ 72. Kg3 Ra8 73. Kg4 Rb8 74. Rf4 Ra8 75. Re4 Rf8 76. Re7 Kh8 77. g6 Kg8 78. Kg5 Ra8 79. Kf5 Ra5+ 80. Re5 Ra8 81. Rc5 Re8 82. Rc6 Kh8 83. Re6 Ra8 84. Ke5 Ra5+ 85. Kd6 Ra6+ 86. Kd7 Rxe6 87. Kxe6 Kg8 88. Ke7 Kh8 89. Ke6 Kg8 90. Kf5 Kh8 91. Kg4 Kg8 92. Kg5 Kh8 93. h6 Kg8 94. h7+ Kh8 95. Kf5 1/2-1/2

[Event "EU-ch 23rd"]
[Site "Vrnjacka Banja"]
[Date "2023.03.05"]
[Round "3"]
[White "Petkov, Momchil"]
[Black "Leisch, Lukas"]
[Result "1/2-1/2"]
[WhiteElo "2526"]
[BlackElo "2378"]
[PlyCount "72"]
[EventDate "2023.03.03"]
[EventType "swiss"]
[EventRounds "11"]
[EventCountry "SRB"]
[SourceTitle "CBM 213"]
[Source "ChessBase"]
[SourceDate "2023.04.30"]
[SourceVersion "1"]
[SourceVersionDate "2023.04.30"]
[SourceQuality "1"]

1. d4 d5 2. c4 c6 3. Nf3 Nf6 4. Nc3 e6 5. g3 dxc4 6. Bg2 b5 7. Ne5 a6 8. 0-0 Bb7 9. b3 b4 10. Na4 c3 11. Nc4 a5 12. e4 Be7 13. e5 Nd5 14. Qg4 Kf8 15. h4 h5 16. Qd1 Ba6 17. Re1 Nd7 18. Nd6 Bxd6 19. exd6 Qb8 20. Bxd5 cxd5 21. Bf4 Qb5 22. a3 Qc6 23. axb4 axb4 24. Qf3 Kg8 25. Nc5 Nxc5 26. dxc5 Qxc5 27. d7 Qc6 28. Rxa6 Qxa6 29. Bc7 f6 30. d8Q+ Rxd8 31. Bxd8 Kf7 32. Bc7 Qa2 33. Qe3 Re8 34. Qf3 Rh8 35. Qe3 Re8 36. Qf3 Rh8 1/2-1/2

[Event "Marianske Lazne GM-A2 21st"]
[Site "Marianske Lazne"]
[Date "2023.01.17"]
[Round "5"]
[White "Leisch, Lukas"]
[Black "Finek, Vaclav"]
[Result "0-1"]
[WhiteElo "2378"]
[BlackElo "2406"]
[PlyCount "90"]
[EventDate "2023.01.14"]
[EventType "tourn"]
[EventRounds "9"]
[EventCountry "CZE"]
[EventCategory "6"]
[SourceTitle "CBM 212 Extra"]
[Source "ChessBase"]
[SourceDate "2023.03.31"]
[SourceVersion "1"]
[SourceVersionDate "2023.03.31"]
[SourceQuality "1"]

1. e4 c5 2. Nf3 g6 3. d4 cxd4 4. Nxd4 Bg7 5. c4 Nc6 6. Be3 Nf6 7. Nc3 0-0 8. Be2 d6 9. f3 Bd7 10. Qd2 Nxd4 11. Bxd4 a5 12. h4 a4 13. h5 Be6 14. Nd5 Bxd5 15. exd5 Qa5 16. Bc3 Qc7 17. a3 Rac8 18. g4 b5 19. cxb5 Qb7 20. 0-0-0 Rc5 21. Kb1 Rxd5 22. Qc2 Rc5 23. Qd2 Rfc8 24. Bd4 Rc2 25. Qd3 e5 26. Bc3 R2xc3 27. bxc3 e4 28. Qxd6 exf3 29. Bd3 Nd5 30. c4 Nc3+ 31. Kc2 Nxb5 32. Qb4 Nd4+ 33. Kb1 Qc7 34. Ka2 Rb8 35. Qd2 Qc5 36. hxg6 hxg6 37. Rb1 Rb3 38. Rxb3 axb3+ 39. Kb1 Qxa3 40. Qb2 Qa7 41. Qa1 Qb8 42. Qa6 Ne2 43. Bxe2 fxe2 44. Re1 Qe8 45. Qb7 Bc3 0-1

[Event "BL2-Ost 2223"]
[Site "Germany"]
[Date "2022.11.27"]
[Round "4.3"]
[White "Haba, Petr"]
[Black "Leisch, Lukas"]
[Result "1/2-1/2"]
[WhiteElo "2454"]
[BlackElo "2395"]
[PlyCount "24"]
[EventDate "2022.10.22"]
[EventType "team-tourn"]
[EventRounds "10"]
[EventCountry "GER"]
[SourceTitle "EXT 2024"]
[Source "ChessBase"]
[SourceDate "2023.10.10"]
[SourceVersion "1"]
[SourceVersionDate "2023.10.10"]
[SourceQuality "1"]
[WhiteTeam "Erfurt"]
[BlackTeam "Passau"]
[WhiteTeamCountry "GER"]
[BlackTeamCountry "GER"]

1. d4 d5 2. c4 c6 3. cxd5 cxd5 4. Nc3 Nf6 5. Bf4 Nc6 6. e3 Bf5 7. Nf3 e6 8. Bd3 Bxd3 9. Qxd3 Bd6 10. Bxd6 Qxd6 11. 0-0 0-0 12. Rfc1 Rfc8 1/2-1/2

[Event "AUT-chT 2223"]
[Site "Austria"]
[Date "2022.11.06"]
[Round "4.3"]
[White "Sadilek, Maximilian"]
[Black "Leisch, Lukas"]
[Result "0-1"]
[WhiteElo "2246"]
[BlackElo "2395"]
[PlyCount "118"]
[EventDate "2022.11.03"]
[EventType "team-tourn"]
[EventRounds "11"]
[EventCountry "AUT"]
[SourceTitle "EXT 2024"]
[Source "ChessBase"]
[SourceDate "2023.10.10"]
[SourceVersion "1"]
[SourceVersionDate "2023.10.10"]
[SourceQuality "1"]
[WhiteTeam "Tschaturanga"]
[BlackTeam "Grieskirchen"]
[WhiteTeamCountry "AUT"]
[BlackTeamCountry "AUT"]

1. e4 c5 2. Nc3 Nc6 3. d3 e6 4. g3 g6 5. Bg2 Bg7 6. Nge2 Nge7 7. Be3 d6 8. d4 Qb6 9. dxc5 dxc5 10. 0-0 0-0 11. Na4 Qa5 12. c3 b6 13. b3 Ba6 14. Re1 Bxe2 15. Rxe2 Bxc3 16. Nxc3 Qxc3 17. Rc1 Rad8 18. Rd2 Rxd2 19. Bxd2 Qd3 20. Qe1 Nd4 21. Kh1 Nf3 22. Bxf3 Qxf3+ 23. Kg1 Rd8 24. Rc3 Rd3 25. Rxd3 Qxd3 26. b4 Nc6 27. bxc5 Nd4 28. Kg2 Qf3+ 29. Kg1 Ne2+ 30. Kf1 bxc5 31. Bh6 Nd4 32. Kg1 Ne2+ 33. Kf1 Nxg3+ 34. hxg3 Qh1+ 35. Ke2 Qxh6 36. Qa5 Qh5+ 37. Ke3 Qg5+ 38. Ke2 Qe7 39. Qb5 Qc7 40. Kd3 Qd6+ 41. Kc2 Kg7 42. Qa5 a6 43. f4 f6 44. a4 e5 45. fxe5 fxe5 46. Kc1 h5 47. Kc2 Kh6 48. Qe1 Qd4 49. a5 c4 50. Qc1+ Kg7 51. Qg5 Qxe4+ 52. Kc3 Qd4+ 53. Kb4 c3+ 54. Kb3 Qd5+ 55. Kxc3 Qxa5+ 56. Kb3 Qb5+ 57. Ka3 Qc5+ 58. Ka4 Qc4+ 59. Ka3 Qe6 0-1

[Event "Vienna State-ch"]
[Site "Vienna"]
[Date "2022.09.24"]
[Round "8"]
[White "Vitouch, Anatol"]
[Black "Leisch, Lukas"]
[Result "1/2-1/2"]
[WhiteElo "2252"]
[BlackElo "2409"]
[PlyCount "91"]
[EventDate "2022.09.17"]
[EventType "tourn"]
[EventRounds "9"]
[EventCountry "AUT"]
[EventCategory "5"]
[SourceTitle "CBM 210 Extra"]
[Source "ChessBase"]
[SourceDate "2022.11.30"]
[SourceVersion "1"]
[SourceVersionDate "2022.11.30"]
[SourceQuality "1"]

1. d4 Nf6 2. Nf3 d5 3. g3 Bf5 4. Bg2 h6 5. 0-0 e6 6. c4 c6 7. Nc3 Be7 8. Nd2 Nbd7 9. e4 dxe4 10. Ndxe4 Nxe4 11. Nxe4 0-0 12. Be3 Nf6 13. Nc3 Qa5 14. a3 Rfd8 15. b4 Qc7 16. h3 e5 17. d5 cxd5 18. Nxd5 Nxd5 19. cxd5 Qd7 20. g4 Bg6 21. Qe2 Bd6 22. Rac1 Re8 23. Rfd1 h5 24. Rc4 hxg4 25. hxg4 a5 26. Bc5 axb4 27. Bxb4 Bxb4 28. axb4 Qd6 29. Qe3 Ra4 30. f4 f6 31. f5 Bf7 32. Qc3 Qb6+ 33. Kf1 Qa6 34. Kg1 Ra3 35. Qc1 Qb6+ 36. Rc5 Qxb4 37. Rc7 Rg3 38. d6 Bd5 39. Rxd5 Rxg2+ 40. Kxg2 Qe4+ 41. Kh2 Qxd5 42. Rc8 Rxc8 43. Qxc8+ Kh7 44. d7 Qd2+ 45. Kg1 Qd1+ 46. Kf2 1/2-1/2

[Event "Vienna State-ch"]
[Site "Vienna"]
[Date "2022.09.23"]
[Round "7"]
[White "Leisch, Lukas"]
[Black "Baumegger, Siegfried"]
[Result "1/2-1/2"]
[WhiteElo "2409"]
[BlackElo "2447"]
[PlyCount "38"]
[EventDate "2022.09.17"]
[EventType "tourn"]
[EventRounds "9"]
[EventCountry "AUT"]
[EventCategory "5"]
[SourceTitle "CBM 210 Extra"]
[Source "ChessBase"]
[SourceDate "2022.11.30"]
[SourceVersion "1"]
[SourceVersionDate "2022.11.30"]
[SourceQuality "1"]

1. e4 c5 2. Nf3 Nc6 3. Bb5 g6 4. 0-0 Bg7 5. Re1 Nf6 6. e5 Nd5 7. Nc3 Nc7 8. Bxc6 dxc6 9. Ne4 Ne6 10. d3 0-0 11. Be3 b6 12. Qd2 f5 13. exf6 exf6 14. Bh6 a5 15. Bxg7 Kxg7 16. a4 Ra7 17. Re3 Re7 18. Rae1 Rfe8 19. Ng3 Nd4 1/2-1/2

[Event "Vienna State-ch"]
[Site "Vienna"]
[Date "2022.09.22"]
[Round "6"]
[White "Halvax, Georg"]
[Black "Leisch, Lukas"]
[Result "1-0"]
[WhiteElo "2423"]
[BlackElo "2409"]
[PlyCount "99"]
[EventDate "2022.09.17"]
[EventType "tourn"]
[EventRounds "9"]
[EventCountry "AUT"]
[EventCategory "5"]
[SourceTitle "CBM 210 Extra"]
[Source "ChessBase"]
[SourceDate "2022.11.30"]
[SourceVersion "1"]
[SourceVersionDate "2022.11.30"]
[SourceQuality "1"]

1. d4 Nf6 2. c4 e6 3. Nf3 d5 4. Nc3 dxc4 5. e4 b5 6. e5 Nd5 7. Nxb5 Nb6 8. Be2 Nc6 9. 0-0 Be7 10. Be3 0-0 11. Qb1 Rb8 12. Nc3 Bb7 13. Rc1 f5 14. exf6 Rxf6 15. Ne4 Rg6 16. b3 cxb3 17. axb3 Qd5 18. Ng3 Rg4 19. h3 Rxg3 20. fxg3 Bf6 21. Rd1 Na5 22. Qc2 Qxb3 23. Qxb3 Nxb3 24. Rxa7 Nd5 25. Rb1 Bc6 26. Bc4 Nxe3 27. Bxe6+ Kf8 28. Rxb3 Rxb3 29. Bxb3 Bxf3 30. gxf3 Bxd4 31. Rb7 Ke8 32. Ba4+ Kd8 33. Bc6 Bb6 34. Rb8+ Ke7 35. f4 h6 36. Kf2 Nf5+ 37. Kg2 Kd6 38. Be4 Ne7 39. Kf3 Kd7 40. g4 Bd4 41. h4 c5 42. g5 hxg5 43. fxg5 Ke6 44. h5 Nf5 45. Rb6+ Ke5 46. Bxf5 Kxf5 47. h6 gxh6 48. gxh6 c4 49. h7 c3 50. Ke2 1-0